000
00300nam a22001097a 4500
082
_a
344.5491
_b
DUG
100
_a
Dugal, Haroon
245
_a
Manual of Drug Laws in Pakistan /
_c
Haroon Dugal
260
_a
Lahore :
_b
Irfan Law Book House,
_c
2020.
300
_a
882 p. ;
_c
24 cm.
942
_2
ddc
_c
BK
999
_c
592352
_d
592352